000 00705nam a2200205Ia 4500
003 GCL
008 140319s9999 xx 000 0 ara d
040 _aGCL /
_cGCL
082 0 4 _a263.5
_bم ح
100 1 _aمحمود محمود الغراب
245 1 0 _aالحب والمحبة الالهية من كلام الشيخ الاكبر محىالدين بن العربى /
_cمحمود محمود الغراب
250 _aالثانية
260 _aسوريا :
_bدار الايمان للنشر ،
_c1992
300 _a191 ص ؛
_c24 سم
650 0 4 _aالاسلام
650 0 4 _aالتصوف
650 0 4 _aالمحبة
650 0 4 _aمحى الدين بن العربى
942 _2ddc
_cBK
999 _c43774
_d43774